| 000 | 01093nam a22002417a 4500 | ||
|---|---|---|---|
| 005 | 20110704123752.0 | ||
| 010 | _aB-430974 | ||
| 020 |
_a9780195663600 _c345.00 |
||
| 020 |
_a0195663608 _c345.00 |
||
| 035 | _aB-430974 | ||
| 037 | _aAllied Pub/Ven | ||
| 082 | _a954.0841092 | ||
| 100 |
_aMajumdar, Janaki Agnes Penelope, _d1886-1963 _929227 |
||
| 245 |
_aFamily history / _bby Janaki Agnes Penelope Majumdar (neÌe Bonnerjee) ; edited and with an introduction by Antoinette Burton. |
||
| 260 |
_aNew Delhi _bOxford University Press _c2003 |
||
| 300 |
_axxx, 149 p. ; _c23cm. (pbk) |
||
| 500 | _aIncludes bibliographical references | ||
| 600 |
_aMajumdar family. _929228 |
||
| 600 |
_aBonnerjee family. _929229 |
||
| 942 |
_2ddc _cEN _h954.0841092 _mMAJ |
||
| 999 |
_c53587 _d53587 |
||